Culture Générale - Série 318 - Statistiques

Statistiques générales
  • Ce quiz a été pris 234 fois
  • Le résultat moyen est 6 sur 10
Statistiques - réponses
Question Réponse % Correct
Avec le blanc, quelle est l'autre couleur du drapeau monégasque ? Le rouge
97%
Comment appelle-t-on la personne enterrée sous l'arc de triomphe ? Le Soldat inconnu
96%
Quel saut pratique-t-on avec la technique fosbury ? Le saut en hauteur
81%
Dans une salle de spectacle, quel siège d'appoint se replie tout seul ? Le strapontin
77%
Dans quel sport Kim Clijsters s'est-elle illustrée ? Le tennis
67%
Quel pays Corneille et Sonia Rolland ont-ils en commun par leurs origines ? Le Rwanda
54%
Dans quel pays se trouve le Darfour ? Le Soudan
52%
Quel nom porte la surface de cordage d'une raquette de tennis ? Le tamis
47%
Dans quel sport s'est illustrée la Française Régine Cavagnoud ? Le ski
42%
Quel label distingue depuis 1985 les plages et les ports les plus propres ? Le pavillon bleu
23%
Aucun quiz correspondant
Distribution des résultats
% des personnes avec chaque résultat
Percentile par nombre de réponses
Votre historique - résultats
Vous n’avez pas pris ce quiz